000 00412nam a2200157Ia 4500
008 240729s9999 xx 000 0 und d
022 _a2545-059X
245 0 _aFisheries & Aquatic Life
260 _aPoland
260 _bSciendo
650 _a Aquaculture. Fisheries. Angling
650 _aAgriculture
856 _uhttps://doaj.org/toc/592931f391dc47ceb801ee4c61c88fad
942 _2ddc
942 _cDOAJEJ
999 _c72185
_d72185
945 _a1
_bMadushi Gamage
_c1
_dMadushi Gamage